01320nam a22003134a 4500001001200000003000800012006001900020007001500039008004100054010001700095020002200112040002100134035002000155050003000175082001800205245019700223260005600420300002400476504005100500533015200551650002800703650003400731655002900765700002700794700002500821710001700846856012600863999001700989ebr10038645CaPaEBRm u cr cn|||||||||000308s2000 dcua sb 001 0 eng  z 00008630  z0309069408 (pbk.) aCaPaEBRcCaPaEBR a(OCoLC)4572999314aBF724.55. C63bA48 2000eb04a155.67/1322104aThe aging mind :bopportunities in cognitive researchh[electronic resource] /cCommittee on Future Directions for Cognitive Research on Aging ; Paul C. Stern and Laura L. Carstensen, editors. aWashington, D.C. :bNational Academy Press,cc2000. axii, 271 p. :bill. aIncludes bibliographical references and index. aElectronic reproduction.bPalo Alto, Calif. :cebrary,d2013.nAvailable via World Wide Web.nAccess may be limited to ebrary affiliated libraries. 0aCognitionxAge factors. 0aAbility, Influence of age on. 7aElectronic books.2local1 aStern, Paul C.,d1944-1 aCarstensen, Laura L.2 aebrary, Inc.40uhttp://site.ebrary.com/lib/rucke/Doc?id=10038645zAn electronic book accessible through the World Wide Web; click to view c57589d57589